000 00874 a2200289 4500
999 _c66189
_d17580
001 66189
003 TR-AnTOB
005 20241008122412.0
008 041014s2003 tu tur
020 _a9750703022
_c6,5 YTL
040 _aTR-AnTOB
_cTR-AnTOB
041 _atur
050 _aPL248.Y38
_bK37 2003
090 _aPL248.Y38
_bK37 2003
100 1 _aYavuz, Hilmi,
_d1936-
_99014
245 1 0 _aKara güneş :
_bedebiyat ve sanat yazıları /
_cHilmi Yavuz.
264 1 _aİstanbul :
_bCan Yayınları,
_c2003.
300 _a192 pages ;
_c20 cm.
336 _2rdacontent
_atext
_btxt
337 _2rdamedia
_aunmediated
_bn
338 _2rdacarrier
_avolume
_bnc
490 0 _aCan Yayınları.
_aDüşünce Dizisi ;
_v30
500 _a"Edebiyat ve sanat yazıları: Deneme "--Cover.
650 7 _aTürk denemeleri
_2etuturkob
_97069
942 _cBK
_2lcc